000 00398pab a2200157 454500
008 180718b2015 xxu||||| |||| 00| 0 eng d
100 _aKesavan, K.V.
245 _aIndia's partnerships in the Indo-Pacific region
260 _c2015
300 _ap.41-45.
362 _aJun
650 _aIndia - Foreign relations
650 _aInternational relations
773 _aSeminar
909 _a108887
999 _c108882
_d108882